| 000 | 00784 a2200181 4500 | ||
|---|---|---|---|
| 020 | _a0335216404 | ||
| 020 | _a9780335216406 | ||
| 082 | _a005.36 PAL | ||
| 100 | _aPallant, Julie. | ||
| 245 |
_aSPSS survival manual : _ba step by step guide to data analysis using SPSS for Windows (version 12) / _cJulie Pallant. |
||
| 250 | _a3rd ed. | ||
| 260 |
_aMaidenhead, Berkshire. U.K. ; _aNew York, NY : _bOpen University Press, _c2007. |
||
| 300 |
_axvi, 318 p. : _bill. ; _c26 cm. |
||
| 650 |
_aSocial sciences _xResearch _xStatistical methods. |
||
| 650 |
_aSocial sciences _xStatistical methods _xComputer programs. |
||
| 650 |
_aSciences sociales _xRecherche _xMéthodes statistiques |
||
| 650 |
_aSciences sociales _xMéthodes statistiques _xLogiciels |
||
| 650 |
_aSciences sociales _xMéthodes statistiques _xInformatique |
||
| 999 |
_c2245 _d2245 |
||